000 01233cam a2200337 a 4500
999 _c28644
_d28615
001 1688422
003 EG-ScBUE
005 20200901124859.0
008 990419s1998 enka f b 001 0 eng d
020 _a0750642297
020 _a9780750642293
040 _aDLC
_beng
_erda
_cDLC
_dDLC
_dEG-ScBUE
082 0 4 _a621.38928
_bHON
_222
100 1 _aHoney, G.,
_eauthor.
245 1 0 _aElectronic protection and security systems /
_cGerard Honey.
250 _aSecond edition.
264 1 _aOxford :
_bNewnes,
_c1998.
300 _aix, 188 pages :
_billustrations ;
_c24 cm
336 _2rdacontent
_atext
_btxt
337 _2rdamedia
_aunmediated
_bn
338 _2rdacarrier
_avolume
_bnc
504 _aIncludes bibliographical references and index.
650 7 _aElectronic security systems.
_2BUEsh
653 _bGGEN
_cAugust2020
655 _vReading book
_934232
856 4 1 _3Table of contents
_uhttp://www.loc.gov/catdir/toc/els033/99197924.html
856 4 2 _3Publisher description
_uhttp://www.loc.gov/catdir/description/els033/99197924.html
906 _a7
_bcbc
_corignew
_d2
_encip
_f19
_gy-gencatlg
942 _2ddc
_cBB